000 00392 a2200109 4500
001 ART_12331
005 20260410161905.0
008 260409a
245 1 0 _aEstimation of functions of population means and regression coefficients including structural coefficients
100 1 _aZellner, Arnold
773 0 _tJournal of econometrics
_g- Vol. 8, NÂș 2 (oct. 1978)
_wREV11720
999 _c26279
_d26279